[Event "North Urals 2007"]
[Site "0:01.31-0:00.03"]
[Date "2007.07.30"]
[Round "8"]
[White "Gallyamova, Alisa"]
[Black "Paehtz, Elizabeth"]
[Result "1-0"]
[WhiteTitle "GM"]
[WhiteElo "2468"]
[WhiteCountry "RUS"]
[BlackTitle "GM"]
[BlackElo "2457"]
[BlackCountry "GER"]
[Remark "North Urals 2007"]
[PresId "1001080015"]

1. c4 e6 2. g3 Nf6 3. Bg2 d5 4. Nf3 Nbd7 5. b3 a5 6. O-O Be7 7. Bb2 c6
8. cxd5 exd5 9. Nd4 Nc5 10. Qc2 O-O 11. Nf5 Bxf5 12. Qxf5 Qb6 13. Bd4
a4 14. bxa4 Rxa4 15. e3 Qa6 16. Nc3 Ra5 17. Rab1 Ne6 18. Bb6 Ra3 19.
Rfe1 Nd7 20. Bf1 Qa8 21. Bd4 b5 22. Bh3 g6 23. Qf3 f5 24. g4 Ng5 25.
Qg3 c5 26. Bg2 Ne4 27. Bxe4 fxe4 28. Nxb5 cxd4 29. Nxa3 Bxa3 30. exd4
Qa6 31. d3 Bd6 32. Qe3 Bf4 33. Qh3 Qxd3 34. Rb3 Qxd4 35. Rb7 Bg5 36.
Rf1 Rf3 37. Qg2 Ne5 38. Rb8+ Kg7 39. Rb7+ Rf7 40. Rxf7+ Kxf7 41. Qg3
Nf3+ 42. Kg2 Qd3 43. a4 Nh4+ 44. Kg1 Qxg3+ 45. hxg3 Nf3+ 46. Kg2 Bd2
47. Rb1 Ke6 48. Rb7 d4 49. Rb5 Kd6 50. a5 Kc6 51. a6 Kxb5 52. a7 Kc4
53. a8Q Kd3 54. Qa6+ Kc2 55. Qa2+ Kc3 56. Qa3+ Kc2 57. Qa4+ Kd3 58.
Qb3+ Ke2 59. Qc4+ Kd1 60. Qc6 Ne1+ 61. Kf1 e3 62. fxe3 dxe3 63. Qc4
Nc2 64. Qe2+ Kc1 65. g5 Nd4 66. Qc4+ Kd1 67. Qa4+ Nc2 68. Qg4+ Kc1 69.
Ke2 Kb2 70. Qd7 Kc3 71. Qc7+ Kb2 72. Qxh7 Nd4+ 73. Kd3 Kc1 74. Qh1+
Kb2 75. Qb7+ Kc1 76. Qa7 Bc3 77. Qc5 1-0
*

[Event "North Urals 2007"]
[Site "0:06.03-0:04.24"]
[Date "2007.07.31"]
[Round "9"]
[White "Zhao Xu"]
[Black "Lahno, Ekaterina"]
[Result "1-0"]
[WhiteTitle "GM"]
[WhiteElo "2500"]
[WhiteCountry "CHN"]
[BlackTitle "GM"]
[BlackElo "2450"]
[BlackCountry "UKR"]
[Remark "North Urals 2007"]
[PresId "1001090012"]

1. Nf3 c5 2. c4 Nc6 3. d4 cxd4 4. Nxd4 Nf6 5. Nc3 e6 6. a3 Nxd4 7.
Qxd4 b6 8. Qd3 Bb7 9. e4 d6 10. Bf4 Be7 11. Be2 O-O 12. O-O Qc7 13.
Rfd1 Rfd8 14. Nb5 Qc6 15. Bf3 e5 16. Bg5 Kf8 17. Rac1 h6 18. Bd2 Qd7
19. h3 Kg8 20. Be3 Bc6 21. Nc3 Qe8 22. Be2 Rdc8 23. Rc2 Bf8 24. Rdc1
Bb7 25. b3 Nd7 26. b4 Nf6 27. f3 Be7 28. Qd2 Nd7 29. Nd5 Bd8 30. Rb2
Bc6 31. g3 Nf8 32. Rbc2 Ne6 33. h4 Bd7 34. Bf1 Rc6 35. Rc3 Qf8 36. Qd3
Qe8 37. Bf2 Qf8 38. Rd1 Qe8 39. Rcc1 Rcc8 40. Nc3 Be7 41. Nd5 Bf8 42.
Be3 Bc6 43. Kh2 Qd8 44. Bh3 Kh8 45. Qe2 Bd7 46. Qf2 Rc6 47. Bf1 Qe8
48. Qd2 Rcc8 49. Re1 Nc7 50. Nc3 Be7 51. f4 exf4 52. Bxf4 Qf8 53. e5
Ne6 54. exd6 Bd8 55. Bg2 Rab8 56. Nd5 a5 57. Ne7 axb4 58. Nxc8 Rxc8
59. axb4 Kg8 60. Be3 g5 61. hxg5 hxg5 62. Kg1 Bf6 63. c5 bxc5 64. bxc5
Rc6 65. Bf2 g4 66. Rxe6 fxe6 67. Qe2 Qh6 68. Qxg4+ Kf8 69. Rf1 Ke8 70.
Qg8+ 1-0
*

[Event "North Urals 2007"]
[Site "0:16.01-0:09.54"]
[Date "2007.07.31"]
[Round "9"]
[White "Muzychuk, Anna"]
[Black "Pogonina, Natalya"]
[Result "1/2-1/2"]
[WhiteTitle "GM"]
[WhiteElo "2456"]
[WhiteCountry "SLO"]
[BlackTitle "GM"]
[BlackElo "2529"]
[BlackCountry "RUS"]
[Remark "North Urals 2007"]
[PresId "1001090014"]

1. e4 c5 2. Nf3 d6 3. Nc3 Nf6 4. e5 dxe5 5. Nxe5 e6 6. g3 Be7 7. Bg2
O-O 8. O-O Nbd7 9. Nc4 Nb6 10. b3 Nfd5 11. Nxb6 Nxc3 12. Qf3 Ne2+ 13.
Qxe2 axb6 14. Bb2 Bf6 15. Bxf6 Qxf6 16. a4 Ra7 17. Rad1 Bd7 18. Qe3
Bc6 19. d4 Bxg2 20. Kxg2 Qf5 21. dxc5 bxc5 22. Rd7 h6 23. Rfd1 Qxc2
24. Rc1 Qb2 25. Qxc5 Raa8 26. Rxb7 Rab8 27. Rxb8 Rxb8 28. Rc3 Rxb3 29.
Rxb3 Qxb3 30. Qb5 Qc2 31. h4 f5 32. a5 Qe4+ 33. Kh2 Kh7 34. a6 Qd4 35.
Qe2 e5 36. Qa2 Qa7 37. Kg2 h5 38. Qe6 Qa8+ 39. Kg1 Qe4 40. Qa2 Qa8 41.
a7 e4 42. Qf7 f4 43. gxf4 e3 44. Qxh5+ Kg8 45. fxe3 Qxa7 46. Kf2 Qa2+
47. Qe2 Qd5 48. Kg3 Qe4 49. Qf3 Qg6+ 50. Qg4 Qb1 51. Qf3 Qg6+ 52. Kh3
Qe6+ 53. f5 Qe5 54. e4 Kh7 55. Qh5+ Kg8 56. Qf3 Kh7 57. Qe3 Qb5 58.
Kg2 Qb2+ 59. Qf2 Qe5 60. Qf3 Qb2+ 61. Kg3 Qe5+ 62. Kh3 Kh8 63. h5 Kh7
64. Qg4 Kh8 65. Qg2 Qf4 66. Qe2 Kg8 67. Qc4+ Kh7 68. Qd3 Kh8 69. Qe2
Kh7 70. Kg2 Qg5+ 71. Kf2 Qh4+ 72. Ke3 Qg5+ 73. Kd4 Qd8+ 74. Kc3 Qa5+
75. Kb3 Qb6+ 76. Ka4 Qd4+ 77. Kb5 Qd7+ 78. Kc4 Qc6+ 79. Kd3 Qd6+ 80.
Ke3 Qg3+ 81. Qf3 Qe1+ 82. Kd3 Qb1+ 83. Ke2 Qc2+ 84. Kf1 Qb1+ 85. Kg2
Qb2+ 86. Kg3 Qd4 87. Kh3 Qe5 88. Qg4 Kh8 89. h6 gxh6 90. Qg2 Qf4 91.
Qb2+ Kg8 92. Qb3+ Kh8 93. Qb2+ Kh7 94. Qb7+ Kh8 95. Qc8+ Kg7 96. Qd7+
Kf8 97. Qd8+ Kf7 98. Qd5+ Kf8 99. Qd3 Ke7 100. Qa3+ Kf7 101. Qb3+ Kf8
102. Qd3 Ke7 103. Kg2 Qg4+ 104. Kf2 Qh4+ 105. Ke2 Qh2+ 106. Kd1 Qg1+
107. Kc2 Qh2+ 108. Kc3 h5 109. Qd5 Qg3+ 110. Kd2 Qf2+ 111. Kd3 Qf3+
112. Kc4 Qe2+ 113. Qd3 Qa2+ 114. Kc5 Qa5+ 115. Kc6 Qa8+ 116. Kb5 Qb7+
117. Kc4 Qc6+ 118. Kb3 Qb6+ 119. Kc2 Qc5+ 120. Kd1 Qg1+ 121. Kd2 Qf2+
122. Qe2 Qf4+ 123. Qe3 Qh2+ 124. Kd3 Qd6+ 125. Ke2 Qh2+ 126. Qf2 Qh3
127. Qc5+ Kf6 128. Qd4+ Kf7 129. Qd7+ Kf6 130. Qd4+ Kf7 131. Qg1 Kf6
132. Qa1+ Kf7 133. Qa2+ Kf8 134. Qa8+ Ke7 135. Qb7+ Kf6 136. Qb6+ Ke5
137. Qe3 Qg2+ 138. Kd3 Qf1+ 139. Qe2 Qb1+ 140. Kd2 h4 141. Qh2+ Kxe4
142. Qxh4+ Kd5 143. Qd8+ Kc6 144. Qc8+ Kd5 145. Qe6+ Kd4 146. Ke2 Qd3+
147. Kf2 Qh3 148. Qd6+ Ke4 149. f6 Qe3+ 150. Kf1 Qf3+ 151. Ke1 Qe3+
152. Kd1 Qb3+ 153. Kc1 Kf5 154. Qd4 Qf7 1/2-1/2
*

[Event "North Urals 2007"]
[Site "0:12.56-0:01.54"]
[Date "2007.07.31"]
[Round "9"]
[White "Hou Yifan"]
[Black "Gallyamova, Alisa"]
[Result "1-0"]
[WhiteTitle "GM"]
[WhiteElo "2523"]
[WhiteCountry "CHN"]
[BlackTitle "GM"]
[BlackElo "2468"]
[BlackCountry "RUS"]
[Remark "North Urals 2007"]
[PresId "1001090015"]

1. e4 c5 2. Nf3 Nc6 3. Bb5 d6 4. O-O Bd7 5. Re1 Nf6 6. c3 a6 7. Bf1
Bg4 8. d4 cxd4 9. cxd4 d5 10. e5 Nd7 11. e6 fxe6 12. h3 Bxf3 13. Qxf3
Nxd4 14. Qd1 Nc6 15. Rxe6 Nf6 16. Nc3 Kf7 17. Re1 e6 18. Bg5 Bc5 19.
Bxf6 Qxf6 20. Ne4 dxe4 21. Qh5+ Qg6 22. Qxc5 Rhd8 23. Qb6 Rd7 24. Red1
Re7 25. Rd6 Kg8 26. Qc5 Rf7 27. Bc4 Rf6 28. Rf1 Raf8 29. Rd7 Nd8 30.
Be2 Rf5 31. Qd4 Qf6 32. Bg4 Rb5 33. Rd1 e5 34. Qc4+ Kh8 35. R1d2 Qb6
36. Qxe4 Rxb2 37. Qxe5 Rxd2 38. Qxg7# 1-0
*

[Event "North Urals 2007"]
[Site "0:49.20-0:33.56"]
[Date "2007.07.31"]
[Round "9"]
[White "Paehtz, Elizabeth"]
[Black "Ushenina, Anna"]
[Result "1/2-1/2"]
[WhiteTitle "GM"]
[WhiteElo "2457"]
[WhiteCountry "GER"]
[BlackTitle "GM"]
[BlackElo "2502"]
[BlackCountry "UKR"]
[Remark "North Urals 2007"]
[PresId "1001090016"]

1. e4 c5 2. c3 d5 3. exd5 Qxd5 4. d4 g6 5. Nf3 cxd4 6. Nxd4 Bg7 7. Be3
Nf6 8. Na3 O-O 9. Nab5 Qd8 10. Nb3 Bd7 11. Be2 a6 12. Na3 Qc7 13. Nc4
Nc6 14. Bb6 Qf4 15. Be3 Qc7 16. Bb6 Qf4 17. Be3 Qc7 1/2-1/2
*